00433nam a2200145Ia 4500003000400000008004100004040001600045082001300061100002600074245009800100700002300198260004200221300001100263650001300274GCL140319s9999 xx 000 0 eng d aGCL / cGCL04a515bH C1 aHOFFMANN, LAIRENCE D.10aCALCULUS FOR BUISNESS, ECONOMICES, AND THE SOCIAL AND LIFE SCIENCES / cHOFFMANN, LAIRENCE D.1 aBRADLEY, GERALOLL. a[S.N] : bMEGRAW-HILL, JNC. ، c1992 a778 PP04aCALCULUS